00967njm a2200277uu 4500001000800000005001700008007000900025008004100034024001800075035001200093040001300105041000800118082000800126100005200134245012500186260003300311300000900344650003300353650001600386650003400402700004900436700003900485942000900524999001900533952013700552145216020260508090632.0sd||||g|161005s2010 spa 00a9788498481938 a1452160 ccomduadb aspa 4a46310aÁlvarez Piñeiro, Mercedes4auteaut974178810aPruebas de nivel: test y exámenes para diagnosticar el nivel de conocimiento de los alumnos: materiales en formato pdf aMadrid :bEdinumen,c©2010. a1 Cd aEstudio y enseñanza952427 aTest928115 aRecursos audiovisuales93167910aGonzález Verdejo, Noelia4auteaut975020310aNauta, Jan Peter4auteaut9721894 cBOOK c741908d741908 001040708AUDIOVISUAaCIICbCIICd2016-11-04iC1254090l0oACDE 463/001 e.1p1047541r2023-05-03 00:00:00t2w2023-05-03yDIGITAL